Modell der offentlichen Musikbibliothek
| Format: | Book |
|---|---|
| Language: | Undetermined |
| PhysicalDescription: | 200 s. |
| Published: |
Berlin
Deutsches Bibliotheksinstitut
1985
|
| ISBN: | 3870688440 |
MARC
| LEADER | 00000nam a2200000 a 4500 | ||
|---|---|---|---|
| 001 | vtls001451583 | ||
| 003 | SK-MaSNL | ||
| 005 | 20260224113745.0 | ||
| 008 | 210928s1985 xx 0 und | ||
| 020 | |a 3870688440 | ||
| 035 | |a SNK000406887 | ||
| 040 | |a SNK |b slo |c SNK |e AACR2 | ||
| 245 | 1 | |a Modell der offentlichen Musikbibliothek | |
| 260 | |a Berlin |b Deutsches Bibliotheksinstitut |c 1985 | ||
| 300 | |a 200 s. | ||
| 919 | |a 3-87068-844-0 | ||
| 958 | |a OND | ||
| 999 | |c 987315 |d 989245 | ||
| 952 | |a SNK |b SNK |y VYP |7 0 |p 17A0332303 |o snkIC 106356 |i snkV 3042/87 |0 0 |1 0 |4 0 |d 2003-03-18 |l 0 |r 2005-01-02 00:00:00 |w 2026-02-24 | ||


